[Event "New Delhi Parsvnath op 4th"]
[Site "New Delhi"]
[Date "2006.01.15"]
[Round "1"]
[White "Natarajan, M."]
[Black "Ramesh, Ramachandran B"]
[Result "0-1"]
[WhiteElo "2023"]
[BlackElo "2491"]
[PlyCount "92"]
[EventDate "2006.01.15"]
[EventType "swiss"]
[EventRounds "10"]
[EventCountry "IND"]
[SourceTitle "CBM 110 Extra"]
[Source "ChessBase"]
[SourceDate "2006.03.10"]
[SourceVersion "2"]
[SourceVersionDate "2006.03.10"]
[SourceQuality "1"]

1. d4 Nf6 2. Bg5 e6 3. Nf3 h6 4. Bh4 d6 5. c4 g5 6. Bg3 Nh5 7. e3 Bg7 8. Nc3 Nd7 9. Nd2 Nxg3 10. hxg3 Qe7 11. Qc2 Nf6 12. 0-0-0 Bd7 13. Kb1 0-0-0 14. Nb3 Kb8 15. Be2 h5 16. Bf3 g4 17. Be2 Bc8 18. c5 dxc5 19. Nxc5 e5 20. Nb3 Nd5 21. Nxd5 Rxd5 22. dxe5 Rxe5 23. Rd2 Rh6 24. Nd4 Rb6 25. Qh7 Rg5 26. Bd3 Rh6 27. Qe4 Re5 28. Qf4 Rf6 29. Nf5 Bxf5 30. Bxf5 Rexf5 31. Qb4 c5 32. Qa5 b6 33. Qb5 Rxf2 34. Rhd1 Rxd2 35. Rxd2 Rd6 36. Rxd6 Qxd6 37. Qe8+ Kb7 38. Qxf7+ Ka6 39. Kc2 Qe5 40. Kd3 Qxb2 41. a4 Qb1+ 42. Kd2 Qb4+ 43. Kd3 Bh6 44. Qd7 Qb3+ 45. Ke4 Qxe3+ 46. Kf5 Qg5+ 0-1